| 000 | 01044cam a22003377a 4500 | ||
|---|---|---|---|
| 003 | CHAP | ||
| 005 | 20220817041829.0 | ||
| 008 | 971013s1953 r 10010 d | ||
| 010 | _a25885 | ||
| 011 | _a26857 | ||
| 035 | _a30958 | ||
| 040 | _cCHAP | ||
| 082 |
_a630.717 _bC7 |
||
| 111 | 0 | 0 |
_aConferencia Europea de Radiodifusión Agrícola ( _d1953 _c: Londres) _926460 |
| 245 | 0 | _aInforme | |
| 260 |
_aRoma : _bFAO, _c1953 |
||
| 300 | _a29 p. | ||
| 590 |
_aBATCH-UPD _b10 _c20130110 _lUCH01 _h0157 |
||
| 590 |
_aBATCH-UPD _b10 _c20130110 _lUCH01 _h1916 |
||
| 590 |
_aBATCH-UPD _b10 _c20130409 _lUCH01 _h2200 |
||
| 590 |
_aBATCH-UPD _b10 _c20130410 _lUCH01 _h1242 |
||
| 590 |
_aBATCH-UPD _b10 _c20130914 _lUCH01 _h1029 |
||
| 590 |
_aCONVERSION _b10 _c20130109 _lUCH01 _h1315 |
||
| 650 | 1 | 4 |
_aExtensión agrícola. _939144 |
| 650 | 1 | 4 |
_aRadio en agricultura. _993690 |
| 710 | 0 |
_aBritish Broadcasting Corporation. _915406 |
|
| 710 | 0 | _aFAO. | |
| 901 | _aBK | ||
| 942 | _cLIBRO | ||
| 949 |
_a630.717 C7 _bBC _cFAO _d33724000555397 _eFAO1 _h19937 _i30958 _si |
||
| 999 |
_c25885 _d25885 |
||